Kalibrácia vonkajších parametrov kamery

Na minha lista:
Detalhes bibliográficos
Autor principal: Surový, Peter, 1989- (Author)
Outros Autores: Ravas, Rudolf, 1952- (Thesis advisor)
Formato: Manuscrito Livro
Idioma:eslovaco
Publicado em: Bratislava : STU v Bratislave FEI, 2010
Assuntos:
Acesso em linha:VAIS
Tags: Adicionar Tag
Sem tags, seja o primeiro a adicionar uma tag!

MARC

LEADER 00000ntm a22000003a 4500
001 stu209298
005 20150617230102.2
008 100818s2010------------------------slo-d
040 |a STU  |b slo 
041 0 |a slo 
100 1 |a Surový, Peter,  |d 1989-  |4 aut  |u E  |T FEI Fakulta elektrotechniky a informatiky  |X 50845  |U E  |Y 30  |7 A000050845 
242 0 0 |a Calibration of extrinsic camera parameters  |y eng 
245 1 |a Kalibrácia vonkajších parametrov kamery 
260 |a Bratislava :  |b STU v Bratislave FEI,  |c 2010 
650 7 |a Aplikovaná informatika  |2 stusub 
650 7 |a calibration  |2 estusub 
650 7 |a kamera  |2 stusub 
650 7 |a kalibrácia  |2 stusub 
650 7 |a počítačové videnie  |2 stusub 
700 1 |a Ravas, Rudolf,  |d 1952-  |4 ths  |u E040  |U FEI Fakulta elektrotechniky a informatiky  |T FEI Ústav elektrotechniky  |X 1932  |U E040  |Y 550  |7 A000001932 
856 4 |a info a plný text  |u http://is.stuba.sk/zp/portal_zp.pl?podrobnosti=50062  |3 VAIS